00339nam a22000977a 4500008004100000082002100041245008000062260007300142300001300215440001300228230629b xxu||||| |||| 00| 0 eng d a338.62bWOR 1995 aBureaucrats in BusinessbThe Economics and Politics of Government Ownership aUSAbThe International Bank for Reconstruction and Developmentc1995 aXIX,346p x10200951